Riadenie zariadení požiarnej ochrany v JE

Saved in:
Bibliographic Details
Main Author: Kúdela, Erik (Author)
Other Authors: Kureková, Eva (Thesis advisor)
Format: Manuscript Book
Language:Slovak
Published: 2015
Subjects:
Online Access:http://is.stuba.sk/zp/portal_zp.pl?podrobnosti=112813
Tags: Add Tag
No Tags, Be the first to tag this record!

MARC

LEADER 00000ntm a22000003a 4500
001 stuzp52798
003 SK-STU
005 20160719154301.4
007 ta
008 150427s2015----xo-----f-mn---000-0-slo-d
040 |a STU  |b slo 
041 0 |a slo 
100 1 |a Kúdela, Erik  |u 020020  |4 aut  |U SjF Strojnícka fakulta  |T SjF Ústav automatizácie, merania a aplikovanej informatiky  |X 59433  |U J0020  |Y 802  |7 A000059433 
242 0 1 |a Controlled device fire protection in JE  |y eng 
245 1 0 |a Riadenie zariadení požiarnej ochrany v JE 
260 |c 2015 
650 4 |a ochrana pred požiarmi  |2 slo 
650 4 |a protipožiarne zariadenie  |2 slo 
650 4 |a odvod tepla a splodín horenia  |2 slo 
650 4 |a elektrická požiarna signalizácia  |2 slo 
650 4 |a protection from fires  |2 eng 
650 4 |a fire-fighting equipment  |2 eng 
650 4 |a fire-fighting equipment  |2 eng 
650 4 |a smoke and heat removal system  |2 eng 
700 1 |a Kureková, Eva  |4 ths  |X 2392  |7 A000002392 
856 4 |u http://is.stuba.sk/zp/portal_zp.pl?podrobnosti=112813 
996 |b 284J043707  |c J* 1997/DP  |l JJSK  |s A  |a 24  |w stuzp52798_0001 
SQL |a stuzp52798  |b DDP  |c SLO  |d Riadenie zariadení požiarnej ochrany v JE  |e 59433  |f Kúdela, Erik  |g 020020  |h 2392  |i Kureková, Eva  |j 20150617  |k 648  |l 02  |m http://is.stuba.sk/zp/portal_zp.pl?podrobnosti=112813  |n I-MESK  |o 5.2.53. meranie